| 000 | 02032nam0a22003971 4500 | ||
|---|---|---|---|
| 001 | v19\rc\1188619 | ||
| 005 | 20260406054431.0 | ||
| 035 | _a(NLR Aleph) 005187051 | ||
| 090 |
_a5174836 _c5174836 |
||
| 100 | _a20051201d1827 |||y0rusy50 ca | ||
| 101 | 0 | _arus | |
| 102 | _aRU | ||
| 135 | _acrcn 024anaba | ||
| 140 | _ay у ga zzd | ||
| 200 | 1 |
_aО суждении об военных действиях. _f[Н.С.] |
|
| 210 |
_a[Б.м.] _d[1827?] |
||
| 215 |
_a24 с. _d8° |
||
| 300 | _aБез тит.л. | ||
| 300 | _aПредположительно, критика на кн. А.А. Жомини: "Traité de grandes operations militaires, contenant l'histoire critique des campagnes de Frederic II... " (1816, Paris). | ||
| 300 | _aВ конце текста подпись: Н.С. | ||
| 316 |
_aЭкз. РНБ (18.97.1.120) в обл. из коричневой бумаги. На 1-й и 2-й с. обл. ярлыки с шифром РНБ. На с.3 штамп ИБ в венке с короной. На с.1 и с.24 круглый штамп ГПБ. Размер: 20,5х12,8х0,2 см. _5NLR: 18.97.1.120 |
||
| 325 | _aКопия доступна в Электрон. б-ке РНБ | ||
| 701 | 0 | _aН.С. | |
| 702 | 1 |
_4100 _7ca _8rus _aЖомини _bГ. В. _f1779-1869 _gГенрих Вениаминович _9118854 _3RU\NLR\AUTH\778982 |
|
| 801 | 0 |
_aRU _bNLR _c20051201 _gpsbo |
|
| 801 | 1 |
_aRU _bProSoft-M _c20051201 _2rusmarc |
|
| 801 | 2 |
_aRU _bNLR _c20051216 _2rusmarc |
|
| 852 |
_aNLR _j18.97.1.120 |
||
| 942 | _cBOOK | ||
| 980 | _aNB | ||
| 981 | 2 | 2 |
_a(22) Материалы по истории России _b(22) Военное дело |
| 981 | 2 | 0 |
_a(20) Книжные памятники РНБ _b(20) Русский книжный фонд |